Il circolo Pickwick

Novela que es una secuela de los escritos serializados del autor que siguen los viajes de Samuel Pickwick, un amable y rico anciano que tras proponer a su grupo, el club de los Pickwick, viajar por lugares remotos de Inglaterra, se ven envueltos en pequeñas desventuras y conociendo a coloridos perso...

תיאור מלא

שמור ב:
מידע ביבליוגרפי
מחבר ראשי: Dickens, Charles
פורמט: ספר
שפה:Undetermined
יצא לאור: Italia Biblioteca Económica de Newton 2006
נושאים:
תגים: הוספת תג
אין תגיות, היה/י הראשונ/ה לתייג את הרשומה!

MARC

LEADER 00000nam a2200000Ia 4500
008 170316s9999 xx 000 0 und d
040 |a cru BVZT 
090 |a 820 D-5i 
100 |a Dickens, Charles 
245 |a Il circolo Pickwick 
260 |a Italia 
260 |b Biblioteca Económica de Newton 
260 |c 2006 
300 |a 763 páginas 
520 |a Novela que es una secuela de los escritos serializados del autor que siguen los viajes de Samuel Pickwick, un amable y rico anciano que tras proponer a su grupo, el club de los Pickwick, viajar por lugares remotos de Inglaterra, se ven envueltos en pequeñas desventuras y conociendo a coloridos personajes, El libro se encuentra en italiano. 
650 |a LITERATURA INGLESA  |9 12 
650 |a NOVELA  |9 13 
650 |a EN IDIOMA ITALIANO 
999 |c 6864  |d 6864 
942 |c 15 D  |h 820 D-5i  |2 z